00514nam a2200121Ia 4500008004100000100002000041245013200061260003800193650000900231856006100240999001900301952007200320160909s9999 xx 000 0 und d aRyder, David E. 4aThe impact of deep-brain stimulation on speech comprehensibility and swallowing in patients with idiopathic Parkinson's disease bUniversity of Rhode Island.c2016 aFOOD uhttp://pqdtopen.proquest.com/doc/1785854484.html?FMT=ABS c304032d304032 001040aCLbCLd2016-09-15l0r2016-09-15 00:00:00w2016-09-15yET